Logo BPK

Biblioteka

Politechniki Koszalińskiej

Soil pollution : (Rekord nr 32976)

Szczegóły MARC
000 -ETYKIETA REKORDU
podpole kontrolne o stałej długości 00652nam a2200229 i 4500
001 - NUMER KONTROLNY REKORDU
pole kontrolne bg
020 ## - MIĘDZYNARODOWY ZNORMALIZOWANY NUMER KSIĄŻKI - ISBN
ISBN 354060927X
040 ## - ŹRÓDŁO KATALOGOWANIA
Instytucja, która utworzyła rekord BPK
041 0# - KOD JĘZYKA
Kod języka tekstu en
080 ## - UNIWERSALNA KLASYFIKACJA DZIESIĘTNA - UKD
UKD 631.4:504.5.054
920 ## - Międzynarodowy znormalizowany numer książki – ISBN
ISBN 3-540-60927-X
008 - POLE O STAŁEJ DŁUGOŚCI - DANE KONTROLNE
podpole kontrolne o stałej długości s pl f |000 0 pol
100 1# - NAZWA OSOBOWA
Nazwa osobowa YARON, Bruno
Daty związane z nazwą (1929- )
245 10 - TYTUŁ/ODPOWIEDZIALNOŚĆ
Tytuł Soil pollution :
Ciąg dalszy tytułu processes and dynamics /
Pozostałe elementy strefy tytułu i oznaczenia odpowiedzialności B. Yaron, R. Calvet, R. Prost.
260 ## - STREFA ADRESU WYDAWNICZEGO
Miejsce wydania Berlin [et al.] :
Nazwa wydawcy/dystrybutora Springer,
Data publikacji, dystrybucji/powstania dokumentu 1996.
300 ## - STREFA OPISU FIZYCZNEGO
Objętość XI, 313 s. :
Inne cechy fizyczne rys., wykr. ;
Rozmiary 24 cm.
504 ## - UWAGA DOTYCZĄCA BIBLIOGRAFII
Informacje o bibliografii Bibliogr. przy rozdz.
650 #9 - HASŁO PRZEDMIOTOWE W FORMIE NAZWY OGÓLNEJ LUB JEDNOSTKOWEJ
Nazwa ogólna lub geograficzna Gleba
Określnik ogólny higiena i ochrona
700 1# - HASŁO DODATKOWE - NAZWA OSOBOWA
Nazwa osobowa CALVET, Raoul
700 1# - HASŁO DODATKOWE - NAZWA OSOBOWA
Nazwa osobowa PROST, Renè
Daty związane z nazwą (1938- )
856 ## - LOKALIZACJA I DOSTĘP DO ELEKTRONICZNYCH DOKUMENTÓW ZDALNYCH
Link (URL) http://koha.tu.koszalin.pl/cgi-bin/koha/opac-detail.pl?biblionumber=32976
Tekst linku Katalog online BPK
942 ## - DODATKOWE ELEMENTY (KOHA)
Typ dokumentu Książka
Egzemplarze
Wycofany Status egzemplarza Uszkodzony Dostępność Lokalizacja stała Lokalizacja bieżąca Miejsce przechowywania Sygnatura Kod kreskowy Typ dokumentu
      Dostępny Biblioteka Politechniki Koszalińskiej Biblioteka Politechniki Koszalińskiej Wypożyczalnia BG 42687 01315578 Książka
© 2023 Biblioteka Politechniki Koszalińskiej :: KOHA